000 00514nam a2200169Ia 4500
999 _c13969
_d13969
003 OSt
005 20201005131533.0
008 190216s9999||||xx |||||||||||||| ||und||
040 _coclc
082 _a823.039
_bHOL/S
100 _aHolt, Victoria
_95308
245 0 _aSnare Of Serpents /
_cVictoria Holt
260 _bAn Imprint Of Harper Collins Publishers,
_c1990.
_aLondon:
300 _a415p
650 _aEnglish Novel-English Novel
942 _cBK
_2ddc
_h823.914
_iHOL/S
_k823.914
_mHOL/S